000 01162cam a2200325 i 4500
999 _c150945
_d27789
001 150945
003 TR-AnTOB
005 20240110145340.0
007 ta
008 080925s1966 tu d 000 0 tur d
040 _aTR-AnTOB
_beng
_erda
_cTR-AnTOB
041 0 _atur
050 _aHC492
090 _aHC492
099 _aTOBB BIR 1966
110 2 _aTürkiye Ticaret Odaları, Sanayi Odaları ve Ticaret Borsaları Birliği
_965593
245 1 0 _aBirinci beş yıllık kalkınma planı, 1966 yılı programı ve icra planı gereğince yapılan işlere dair rapor /
_cTürkiye Ticaret Odaları, Sanayi Odaları ve Ticaret Borsaları Birliği.
264 1 _aAnkara :
_bTürkiye Ticaret Odaları, Sanayi Odaları ve Ticaret Borsaları Birliği,
_c1966.
300 _a24 pages :
_btables ;
_c22 cm
336 _atext
_btxt
_2rdacontent
337 _aunmediated
_bn
_2rdamedia
338 _avolume
_bnc
_2rdacarrier
650 7 _aEkonomik kalkınma
_zTürkiye
_2etuturkob
_965309
651 7 _aTürkiye
_xEkonomi politikası
_911070
902 _aTA02670 (022099)
903 _aTOBB Yayınları Arşivi
942 _2lcc
_cBK
945 _aAY.